| 000 | 00703nam a22002297a 4500 | ||
|---|---|---|---|
| 003 | UA-OsUOA | ||
| 001 | 98270 | ||
| 007 | ta | ||
| 008 | 20130411b un ||||| |||| 00| 0 ukr d | ||
| 100 | _aРашидов Ш. | ||
| 090 |
_a821.512.133 _bР28 |
||
| 942 | _cBK | ||
| 040 |
_aUA-OsUOA _brus _cUA-OsUOA _dUA-OsUOA |
||
| 245 |
_aСобрание сочинений в пяти томах _bТ.5 _cПублицистические статьи |
||
| 300 | _a463 с. | ||
| 955 | _a3 | ||
| 041 | _arus | ||
| 080 | _a821.512.133 | ||
| 260 |
_aМ. _bХудожественная литература _c1980 |
||
| 650 | 7 |
_a82 Література. Літературознавство _2UDC |
|
| 999 |
_c384743 _d384743 |
||